Name a Valid Bug Type Pokemon (BUG MONTH) - Statistics

General Stats
  • This quiz has been taken 104 times
  • The average score is 8 of 15
Answer Stats
Hint Answer % Correct
That can Mega Evolve Beedrill, Pinsir, Heracross, etc.
90%
That can learn Rage Powder Butterfree, Paras Line, Volcarona, etc.
86%
That is weak to Bug Paras Line, Sewaddle Line, Dottler, etc.
82%
That has a Base Stat Total less than 200 Caterpie, Weedle, Wurmple, etc.
80%
A prevolution that has a split evolutionary line Scyther, Wurmple, Nincada, etc.
78%
That can Gigantamax Butterfree, Orbeetle, Centiskorch
75%
A Monotype Bug Pokemon that CANNOT learn an Electric type move Pinsir, Pineco, Kricketot, etc.
68%
A Bug Pokemon that has the ability Shed Skin Metapod, Kakuna, Silcoon, etc.
61%
Evolutionary Lines that stay Monotype Bug until the end (must evolve) Kricketot Line, Shelmet Line, Tarountula Line
46%
Used in a Champion Battle Armaldo, Accelgor, Escavalier, etc.
44%
That can learn Fly Volcarona, Genesect, Vikavolt
42%
That can learn Water Shuriken Accelgor
37%
That loses its Bug typing after evolving Skorupi
34%
That can breed but not in the Bug Egg Group Anorith, Armaldo, Shedinja
15%
That has won the Pokemon World Championships for VGC Escavlier
3%
No matching quizzes found
Score Distribution
Percent of People with Each Score
Percentile by Number Answered
Your Score History
You have not taken this quiz